1103 1404 1194 1929 1806 1483 1357 1003 1497 1809 1173 1208 1682 1602 1489 1762 1573 1144 1831 1823 1071 1842 1830 1773 1855 1370 1214 1809 1945 1651 1087 1025 1578 1427 1244 1044 1555 1745 1731 1713 1098 1614 1662 1209 1834 1039 1271 1581 1235 1257 1257 1796 1188 1198 1058 1504 1994 1470 1540 1261 1539 1294 1365 1660 1883 1080 1218 1953 1417 1325 1061 1632 1946 1710 1781 1860 1271 1129 1029 1237 1706 1052 1194 1331 1156 1086 1485 1272 1820 1917 1953 1920 1931 1860 1838 1873 1415 1468 1931 BCNSPRNW ULIB Ver.6.0+V

เปลี่ยนเป็นภาษาไทย

Change to English
 แสดงรายละเอียดบรรณานุกรม
  กลับหน้าหลัก

Brief Record : Get Marc (ISO 2709) : E-mail record : QR code < ปิดหน้าต่าง
LEADER : 00000nam 2200000uu 4500
001    13399125167
003     ULIB
008    161026s2558||||th 000 0 tha d
020    ^a9786163940292
050  4 ^aDS578.32.T43^bบ682ธ
245 00 ^aธรรมะสมเด็จย่า (ฉบับสมบูรณ์)^bสมเด็จย่าพระราชทานตอบคำถามด้วยลายพระหัตถ์ 360 ข้อผ่านการกราบบังคมทูลสัมภาษณ์ โดยคุณอัครวัฒน์ โอสถานุเคราะห์ วันที่ 18-21 มิถุนายน 2521 ณ กรุงโลซานน์ ประเทศสวิตเซอร์แลนด์ /^cบริษัท ไทยประกันชีวิต จำกัด (มหาชน)
250    ^aพิมพ์ครั้งที่ 1
260    ^aกรุงเทพฯ :^bบริษัท แอคมี พรินติ้ง จำกัด,^c2558
300    ^a276หน้า :^bภาพประกอบสี ;^c30 ซม.
945    ^p0^l0^i001419
999    ^aณรีรัตน์
รายการนี้ยังไม่มีแท็ก
คุณยังไม่ได้ล็อกอิน คุณสามารถมีกิจกรรมร่วมกับเว็บไซต์ได้ แต่ต้องล็อกอินก่อน ::
  ล็อกอิน

รายการสื่อสารสนเทศ

ลำดับที่ ประเภท เลขเรียก/บาร์โค้ด สถานที่ สถานะ
1. การศึกษาทั่วไป
การศึกษาทั่วไป
DS578.32.T43 บ682ธ ฉ.1 
  Barcode: 001419
ห้องสมุดวิทยาเขตสวรรค์ประชารักษ์
►หนังสือทั่วไป
บนชั้น

BibComment


ยังไม่เคยถูกคอมเมนท์

คอมเมนท์ทรัพยากรรายการนี้
  คอมเมนท์: ธรรมะสมเด็จย่า ฉ..


 Copyright 2026. Bcnsprnw @Library